Robótica
Uloženo v:
| Hlavní autor: | |
|---|---|
| Médium: | Kniha |
| Jazyk: | španělština |
| Vydáno: |
Ciudad de México
Pearson Educación
2006
|
| Vydání: | 3a. ed |
| Témata: | |
| Tagy: |
Přidat tag
Žádné tagy, Buďte první, kdo vytvoří štítek k tomuto záznamu!
|
MARC
| LEADER | 00000nam a2200000 a 4500 | ||
|---|---|---|---|
| 001 | UCJ1708 | ||
| 003 | CL-VaPUC | ||
| 008 | 061110e20060000MX |||||||||||||||||spa|d | ||
| 020 | |a 9702607728 | ||
| 082 | 0 | 4 | |a 629.892 |b CRA |2 21 |
| 100 | 0 | |a Craig, John J |e author |9 502406 | |
| 245 | 1 | 0 | |a Robótica |
| 250 | |a 3a. ed | ||
| 300 | |a 400 p | ||
| 942 | |c BK | ||
| 945 | |d 20061110 00:00:00 |a jtorresc | ||
| 260 | |a Ciudad de México |b Pearson Educación |c 2006 | ||
| 650 | 0 | |a Robótica |9 263360 | |
| 650 | 0 | |a Simulación por computador |9 260988 | |
| 583 | |a last modification |c 20061110 00:00:00 |k Rodrigo Vera | ||
| 999 | |c 318200 |d 318198 | ||
| 952 | |0 0 |1 0 |2 ddc |4 0 |6 629_892000000000000_CRA_2006 |7 0 |8 A |9 395635 |a BIBING |b BIBING |c RES |d 2019-11-22 |i 4295536 |o 629.892 CRA 2006 |p 4295536 |r 2025-01-20 |w 2019-11-22 |y BK |k EIE | ||
| 952 | |0 0 |1 0 |4 0 |6 629_892000000000000_CRA_2006 |7 0 |8 A |9 395636 |a BIBMEC |b BIBMEC |d 2019-11-22 |i 4398092 |l 1 |o 629.892 CRA 2006 |p 4398092 |r 2024-01-19 |s 2022-06-10 |w 2019-11-22 |y BK |k MEC | ||
| 952 | |0 0 |1 0 |2 ddc |4 0 |6 629_892000000000000_CRA_2006 |7 0 |8 A |9 395637 |a BIBING |b BIBING |c RES |d 2019-11-22 |i 4482530 |o 629.892 CRA 2006 |p 4482530 |r 2025-01-20 |w 2019-11-22 |y BK |k EIE | ||
| 952 | |0 0 |1 0 |2 ddc |4 0 |6 629_892000000000000_CRA_2006 |7 0 |8 A |9 395638 |a BIBING |b BIBING |c RES |d 2019-11-22 |i 4484096 |o 629.892 CRA 2006 |p 4484096 |r 2025-01-20 |w 2019-11-22 |y BK |k EIE | ||
| 952 | |0 0 |1 0 |2 ddc |4 0 |6 629_892000000000000_CRA_2006 |7 0 |8 A |9 395639 |a BIBING |b BIBING |c RES |d 2019-11-22 |i 450688K |o 629.892 CRA 2006 |p 450688K |r 2025-01-20 |w 2019-11-22 |y BK |k EIE | ||
| 952 | |0 0 |1 0 |2 ddc |4 0 |6 629_892000000000000_CRA_2006 |7 0 |8 A |9 395640 |a BIBING |b BIBING |c RES |d 2019-11-22 |i 4514432 |o 629.892 CRA 2006 |p 4514432 |r 2025-01-20 |w 2019-11-22 |y BK |k EIE | ||